<?xml version="1.0" encoding="UTF-8"?>
<record
    xmlns:xsi="http://www.w3.org/2001/XMLSchema-instance"
    xsi:schemaLocation="http://www.loc.gov/MARC21/slim http://www.loc.gov/standards/marcxml/schema/MARC21slim.xsd"
    xmlns="http://www.loc.gov/MARC21/slim">

  <leader>02662nam0a2200457 i 4500</leader>
  <controlfield tag="001">RU\NLR\BIBL_A\010018963</controlfield>
  <controlfield tag="005">20241101002431.0</controlfield>
  <datafield tag="010" ind1=" " ind2=" ">
    <subfield code="a">9785442001877</subfield>
    <subfield code="9">1000</subfield>
  </datafield>
  <datafield tag="021" ind1=" " ind2=" ">
    <subfield code="a">RU</subfield>
    <subfield code="b">2013-93371</subfield>
    <subfield code="9">6469</subfield>
  </datafield>
  <datafield tag="035" ind1=" " ind2=" ">
    <subfield code="a">(NILC)RuMoRGB-006701189</subfield>
  </datafield>
  <datafield tag="035" ind1=" " ind2=" ">
    <subfield code="a">(NLR Aleph) 010018963</subfield>
  </datafield>
  <datafield tag="090" ind1=" " ind2=" ">
    <subfield code="a">9891161</subfield>
    <subfield code="c">9891161</subfield>
  </datafield>
  <datafield tag="100" ind1=" " ind2=" ">
    <subfield code="a">20131227d2013    um y0rusy50      ca</subfield>
  </datafield>
  <datafield tag="101" ind1="0" ind2=" ">
    <subfield code="a">rus</subfield>
    <subfield code="d">eng</subfield>
    <subfield code="e">eng</subfield>
  </datafield>
  <datafield tag="102" ind1=" " ind2=" ">
    <subfield code="a">RU</subfield>
  </datafield>
  <datafield tag="105" ind1=" " ind2=" ">
    <subfield code="a">a||||||||||||</subfield>
  </datafield>
  <datafield tag="200" ind1="1" ind2=" ">
    <subfield code="a">&#x424;&#x43B;&#x43E;&#x440;&#x430; &#x434;&#x443;&#x431;&#x440;&#x430;&#x432; &#x433;&#x43E;&#x440;&#x43E;&#x434;&#x441;&#x43A;&#x43E;&#x433;&#x43E; &#x43E;&#x43A;&#x440;&#x443;&#x433;&#x430; &#x433;&#x43E;&#x440;&#x43E;&#x434; &#x412;&#x43E;&#x440;&#x43E;&#x43D;&#x435;&#x436;: &#x431;&#x438;&#x43E;&#x433;&#x435;&#x43E;&#x433;&#x440;&#x430;&#x444;&#x438;&#x447;&#x435;&#x441;&#x43A;&#x438;&#x439;, &#x44D;&#x43A;&#x43E;&#x43B;&#x43E;&#x433;&#x438;&#x447;&#x435;&#x441;&#x43A;&#x438;&#x439;, &#x43F;&#x440;&#x438;&#x440;&#x43E;&#x434;&#x43E;&#x43E;&#x445;&#x440;&#x430;&#x43D;&#x43D;&#x44B;&#x439; &#x430;&#x441;&#x43F;&#x435;&#x43A;&#x442;&#x44B;</subfield>
    <subfield code="d">Flora oak forests city district Voronezh: biogeographical, ecological, environmental aspects</subfield>
    <subfield code="f">&#x410;. &#x42F;. &#x413;&#x440;&#x438;&#x433;&#x43E;&#x440;&#x44C;&#x435;&#x432;&#x441;&#x43A;&#x430;&#x44F;, &#x414;. &#x421;. &#x417;&#x435;&#x43B;&#x435;&#x43F;&#x443;&#x43A;&#x438;&#x43D;</subfield>
    <subfield code="z">eng</subfield>
  </datafield>
  <datafield tag="210" ind1=" " ind2=" ">
    <subfield code="a">&#x412;&#x43E;&#x440;&#x43E;&#x43D;&#x435;&#x436;</subfield>
    <subfield code="c">&#x412;&#x43E;&#x440;&#x43E;&#x43D;&#x435;&#x436;&#x441;&#x43A;&#x430;&#x44F; &#x43E;&#x431;&#x43B;. &#x442;&#x438;&#x43F;.</subfield>
    <subfield code="d">2013</subfield>
  </datafield>
  <datafield tag="215" ind1=" " ind2=" ">
    <subfield code="a">260 &#x441;.</subfield>
    <subfield code="c">&#x438;&#x43B;., &#x446;&#x432;. &#x438;&#x43B;., &#x43A;&#x430;&#x440;&#x442;.</subfield>
    <subfield code="d">25</subfield>
  </datafield>
  <datafield tag="300" ind1=" " ind2=" ">
    <subfield code="a">&#x410;&#x432;&#x442;. &#x442;&#x430;&#x43A;&#x436;&#x435; &#x43D;&#x430; &#x430;&#x43D;&#x433;&#x43B;. &#x44F;&#x437;.: A.Ya. Grigoryevskaya, D.S. Zelepukin</subfield>
  </datafield>
  <datafield tag="300" ind1=" " ind2=" ">
    <subfield code="a">&#x420;&#x435;&#x437;. &#x43D;&#x430; &#x430;&#x43D;&#x433;&#x43B;. &#x44F;&#x437;.</subfield>
  </datafield>
  <datafield tag="320" ind1=" " ind2=" ">
    <subfield code="a">&#x411;&#x438;&#x431;&#x43B;&#x438;&#x43E;&#x433;&#x440;.: &#x441;. 86-94 (120 &#x43D;&#x430;&#x437;&#x432;.)</subfield>
  </datafield>
  <datafield tag="320" ind1=" " ind2=" ">
    <subfield code="a">&#x410;&#x43B;&#x444;. &#x443;&#x43A;&#x430;&#x437;. &#x43B;&#x430;&#x442;. &#x43D;&#x430;&#x437;&#x432;. &#x441;&#x435;&#x43C;&#x435;&#x439;&#x441;&#x442;&#x432;, &#x440;&#x43E;&#x434;&#x43E;&#x432; &#x438; &#x432;&#x438;&#x434;&#x43E;&#x432;, &#x432;&#x441;&#x442;&#x440;&#x435;&#x447;&#x430;&#x44E;&#x449;&#x438;&#x445;&#x441;&#x44F; &#x432; &#x442;&#x435;&#x43A;&#x441;&#x442;&#x435; &#x438; &#x430;&#x43D;&#x43D;&#x43E;&#x442;. &#x441;&#x43F;&#x438;&#x441;&#x43A;&#x435; &#x444;&#x43B;&#x43E;&#x440;&#x44B;: &#x441;. 95-110</subfield>
  </datafield>
  <datafield tag="320" ind1=" " ind2=" ">
    <subfield code="a">&#x410;&#x43B;&#x444;. &#x443;&#x43A;&#x430;&#x437;. &#x440;&#x443;&#x441;. &#x43D;&#x430;&#x437;&#x432;. &#x441;&#x435;&#x43C;&#x435;&#x439;&#x441;&#x442;&#x432;, &#x440;&#x43E;&#x434;&#x43E;&#x432; &#x438; &#x432;&#x438;&#x434;&#x43E;&#x432;, &#x432;&#x441;&#x442;&#x440;&#x435;&#x447;&#x430;&#x44E;&#x449;&#x438;&#x445;&#x441;&#x44F; &#x432; &#x442;&#x435;&#x43A;&#x441;&#x442;&#x435; &#x438; &#x430;&#x43D;&#x43D;&#x43E;&#x442;. &#x441;&#x43F;&#x438;&#x441;&#x43A;&#x435; &#x444;&#x43B;&#x43E;&#x440;&#x44B;: &#x441;. 111-116</subfield>
  </datafield>
  <datafield tag="333" ind1=" " ind2=" ">
    <subfield code="a">12+</subfield>
  </datafield>
  <datafield tag="510" ind1="0" ind2=" ">
    <subfield code="6">z11790</subfield>
    <subfield code="a">Flora oak forests city district Voronezh: biogeographical, ecological, environmental aspects</subfield>
    <subfield code="z">eng</subfield>
  </datafield>
  <datafield tag="606" ind1="1" ind2=" ">
    <subfield code="a">&#x414;&#x443;&#x431;&#x43E;&#x432;&#x44B;&#x435; &#x43B;&#x435;&#x441;&#x430; &#x440;&#x435;&#x43A;&#x440;&#x435;&#x430;&#x446;&#x438;&#x43E;&#x43D;&#x43D;&#x44B;&#x435;</subfield>
    <subfield code="x">&#x42D;&#x43A;&#x43E;&#x43B;&#x43E;&#x433;&#x438;&#x44F;</subfield>
    <subfield code="y">&#x412;&#x43E;&#x440;&#x43E;&#x43D;&#x435;&#x436;, &#x433;&#x43E;&#x440;&#x43E;&#x434;</subfield>
    <subfield code="9">2170514</subfield>
    <subfield code="3">RU\NLR\AUTH\6601542240</subfield>
  </datafield>
  <datafield tag="606" ind1="1" ind2=" ">
    <subfield code="a">&#x421;&#x43E;&#x441;&#x443;&#x434;&#x438;&#x441;&#x442;&#x44B;&#x435; &#x440;&#x430;&#x441;&#x442;&#x435;&#x43D;&#x438;&#x44F; &#x434;&#x443;&#x431;&#x43E;&#x432;&#x44B;&#x445; &#x43B;&#x435;&#x441;&#x43E;&#x432;</subfield>
    <subfield code="y">&#x412;&#x43E;&#x440;&#x43E;&#x43D;&#x435;&#x436;&#x441;&#x43A;&#x430;&#x44F; &#x43E;&#x431;&#x43B;&#x430;&#x441;&#x442;&#x44C;</subfield>
    <subfield code="9">2170799</subfield>
    <subfield code="3">RU\NLR\AUTH\6601542367</subfield>
  </datafield>
  <datafield tag="675" ind1=" " ind2=" ">
    <subfield code="a">635.9:582.632.2(470.324)</subfield>
  </datafield>
  <datafield tag="686" ind1="1" ind2=" ">
    <subfield code="a">&#x415;592(2&#x420;345-4&#x412;&#x440;)</subfield>
  </datafield>
  <datafield tag="686" ind1="1" ind2=" ">
    <subfield code="a">&#x415;581.819.212(2&#x420;345-4&#x412;&#x440;)</subfield>
  </datafield>
  <datafield tag="686" ind1="1" ind2=" ">
    <subfield code="a">&#x41F;342.925.11(2&#x420;345-4&#x412;&#x440;)</subfield>
  </datafield>
  <datafield tag="700" ind1=" " ind2="1">
    <subfield code="a">&#x413;&#x440;&#x438;&#x433;&#x43E;&#x440;&#x44C;&#x435;&#x432;&#x441;&#x43A;&#x430;&#x44F;</subfield>
    <subfield code="b">&#x410;. &#x42F;.</subfield>
    <subfield code="g">&#x410;&#x43D;&#x43D;&#x430; &#x42F;&#x43A;&#x43E;&#x432;&#x43B;&#x435;&#x432;&#x43D;&#x430;</subfield>
    <subfield code="9">128530</subfield>
    <subfield code="3">RU\NLR\AUTH\770128561</subfield>
  </datafield>
  <datafield tag="701" ind1=" " ind2="1">
    <subfield code="a">&#x417;&#x435;&#x43B;&#x435;&#x43F;&#x443;&#x43A;&#x438;&#x43D;</subfield>
    <subfield code="b">&#x414;. &#x421;.</subfield>
    <subfield code="g">&#x414;&#x435;&#x43D;&#x438;&#x441; &#x421;&#x435;&#x440;&#x433;&#x435;&#x435;&#x432;&#x438;&#x447;</subfield>
    <subfield code="9">128550</subfield>
    <subfield code="3">RU\NLR\AUTH\770128581</subfield>
  </datafield>
  <datafield tag="790" ind1=" " ind2="1">
    <subfield code="7">ba</subfield>
    <subfield code="8">rus</subfield>
    <subfield code="a">Grigor'evskaja</subfield>
    <subfield code="b">A. Ja.</subfield>
    <subfield code="g">Anna Jakovlevna</subfield>
    <subfield code="9">128531</subfield>
    <subfield code="3">RU\NLR\AUTH\770128562</subfield>
  </datafield>
  <datafield tag="790" ind1=" " ind2="1">
    <subfield code="7">ba</subfield>
    <subfield code="8">rus</subfield>
    <subfield code="a">Zelepukin</subfield>
    <subfield code="b">D. S.</subfield>
    <subfield code="g">Denis Sergeevi&#x10D;</subfield>
    <subfield code="9">128551</subfield>
    <subfield code="3">RU\NLR\AUTH\770128582</subfield>
  </datafield>
  <datafield tag="801" ind1=" " ind2="0">
    <subfield code="a">RU</subfield>
    <subfield code="b">RuMoRKP</subfield>
    <subfield code="c">20131121</subfield>
    <subfield code="g">RCR</subfield>
  </datafield>
  <datafield tag="801" ind1=" " ind2="2">
    <subfield code="a">RU</subfield>
    <subfield code="b">&#x420;&#x413;&#x411;</subfield>
    <subfield code="c">20131204</subfield>
    <subfield code="g">rcr</subfield>
  </datafield>
  <datafield tag="942" ind1=" " ind2=" ">
    <subfield code="c">BOOK</subfield>
  </datafield>
  <datafield tag="980" ind1=" " ind2=" ">
    <subfield code="a">NBR</subfield>
  </datafield>
</record>
